000 00282nam a22001337a 4500
008 170213b xxu||||| |||| 00| 0 eng d
020 _a0915473356
041 _aeng
080 _24ED
_a61
100 _a4
101 _aSHM
245 _aPERINATAL CARE
_cJOHN HAUTH
942 _2udc
_cBK
999 _c5232
_d5232